RASUAH DIHINA INTEGRITI DIBINA (Record no. 27059)
[ view plain ]
| 000 -LEADER | |
|---|---|
| fixed length control field | 00507nam a22001457a 4500 |
| 008 - FIXED-LENGTH DATA ELEMENTS--GENERAL INFORMATION | |
| fixed length control field | 251230b ||||| |||| 00| 0 eng d |
| 082 04 - DEWEY DECIMAL CLASSIFICATION NUMBER | |
| Classification number | 364.1323 |
| 245 00 - TITLE STATEMENT | |
| Title | RASUAH DIHINA INTEGRITI DIBINA |
| 260 ## - PUBLICATION, DISTRIBUTION, ETC. | |
| Place of publication, distribution, etc. | Kuala Lumpur : |
| Name of publisher, distributor, etc. | Jabatan Perhutanan Semenanjung Malaysia, |
| Date of publication, distribution, etc. | [2024?] |
| 300 ## - PHYSICAL DESCRIPTION | |
| Extent | 154 pages : |
| Other physical details | some colour illustrations ; |
| Dimensions | 21 cm |
| 650 10 - SUBJECT ADDED ENTRY--TOPICAL TERM | |
| General subdivision | Corruption |
| Geographic subdivision | Malaysia |
| 650 20 - SUBJECT ADDED ENTRY--TOPICAL TERM | |
| General subdivision | Corruption |
| Chronological subdivision | Government policy |
| 650 20 - SUBJECT ADDED ENTRY--TOPICAL TERM | |
| General subdivision | Bribery |
| Geographic subdivision | Malaysia |
| 942 ## - ADDED ENTRY ELEMENTS (KOHA) | |
| Source of classification or shelving scheme | |
| Edition | 22 |
| Classification part | 364.1323 RAS |
| Withdrawn status | Lost status | Source of classification or shelving scheme | Damaged status | Not for loan | Permanent Location | Current Location | Shelving location | Date acquired | Total Checkouts | Full call number | Barcode | Date last seen | Price effective from | Koha item type |
|---|---|---|---|---|---|---|---|---|---|---|---|---|---|---|
| Available | JMG IBUPEJABAT | JMG IBUPEJABAT | Open Shelf | 30/12/2025 | 364.1323 RAS | M000000005 | 30/12/2025 | 30/12/2025 | Books |